| 000 | 03448nam a22005177a 4500 | ||
|---|---|---|---|
| 005 | 20240814173829.0 | ||
| 008 | m251825 th thaha d | ||
| 041 | _atha | ||
| 100 | 0 | _aเสถียร วิชัยลักษณ์ | |
| 245 | 1 | 0 | _aรวมกฎหมายไทย เล่ม 11 [ร2] |
| 260 | 3 |
_aกรุงเทพฯ : _bนีติเวชช์, _c2518-2531 |
|
| 300 |
_a1 เล่ม ; _b 26 ซม. |
||
| 650 | 0 | 4 | _aองค์การของรัฐบาล (พ.ร.บ.) -- 2496 |
| 650 | 0 | 4 | _aกฎหมาย -- ไทย |
| 650 | 0 | 4 | _aการคุ้มครองเด็ก (ประกาศคณะปฏิวัติ ฉบับที่ 294) -- การสงเคราะห์ |
| 650 | 0 | 4 | _aการท่องเที่ยวแห่งประเทศไทย (พ.ร.บ.) -- 2522 |
| 650 | 0 | 4 | _aสถาบันวิจัยวิทยาศาสตร์และเทคโนโลยีแห่งประเทศไทย (พ.ร.บ.) -- 2522 |
| 650 | 0 | 4 | _aการสื่อสารมวลชนแห่งประเทศไทย (พ.ร.ฎ.) -- 2520 |
| 650 | 0 | 4 | _aคณะกรรมการศึกษาแห่งชาติ (พ.ร.บ.) -- 2521 |
| 650 | 0 | 4 | _aครู (พ.ร.บ.) -- 2488 |
| 650 | 0 | 4 | _aครู (พ.ร.บ.) -- 2523 |
| 650 | 0 | 4 | _aจุฬาลงกรณ์มหาวิทยาลัย (พ.ร.บ.) -- 2522 |
| 650 | 0 | 4 | _aนักศึกษา (ประกาศคณะปฏิวัติ ฉบับที่ 132) |
| 650 | 0 | 4 | _aนักเรียน (ประกาศคณะปฏิวัติ ฉบับที่ 132) |
| 650 | 0 | 4 | _aมหาวิทยาลัย (พ.ร.บ.) |
| 650 | 0 | 4 | _aมหาวิทยาลัยขอนแก่น (พ.ร.บ.) -- 2521 |
| 650 | 0 | 4 | _aมหาวิทยาลัยรามคำแหง (พ.ร.บ.) -- 2514 |
| 650 | 0 | 4 | _aมหาวิทยาลัยศรีนครินทรวิโรฒ (พ.ร.บ.) -- 2517 |
| 650 | 0 | 4 | _aมหาวิทยาลัยสงขลานครินทร์ (พ.ร.บ.) -- 2522 |
| 650 | 0 | 4 | _aมหาวิทยาลัยสุโขทัยธรรมาธิราช (พ.ร.บ.) -- 2521 |
| 650 | 0 | 4 | _aวิทยาลัยครู (พ.ร.บ.) -- 2518 |
| 650 | 0 | 4 | _aวิทยาลัยเทคโนโลยีและอาชีวศึกษา (พ.ร.บ.) -- 2518 |
| 650 | 0 | 4 | _aสถาบันบัณฑิตพัฒนบริหารศาสตร์ (พ.ร.บ.) -- 2509 |
| 650 | 0 | 4 | _aสถาบันอุดมศึกษา (พ.ร.บ.) |
| 650 | 0 | 4 | _aสถาบันอุดมศึกษาเอกชน (พ.ร.บ.) -- 2522 |
| 650 | 0 | 4 | _aสถาบันเทคโนโลยีการเกษตร (พ.ร.บ.) -- 2518 |
| 650 | 0 | 4 | _aแผนการศึกษาแห่งชาติ (ประกาศ) -- 2520 |
| 650 | 0 | 4 | _aโรงเรียนประถมศึกษา (พ.ร.บ.) -- 2523 |
| 650 | 0 | 4 | _aโรงเรียนเอกชน (พ.ร.บ.) -- 2525 |
| 700 | 0 | _aเสถียร วิชัยลักษณ์ | |
| 850 | _aNALT | ||
| 942 | _cREF | ||
| 997 | _c000000000016494 | ||
| 998 |
_aSANG-AROON ANU-KRAUGH _j25 _k นีลวัสน์ อินทรักษา |
||
| 999 |
_c16494 _d16494 |
||
| 090 | _aKA204 ส895ร2 ล.11 | ||